La collegiale /

Guardado en:
Detalles Bibliográficos
Otros Autores: Martucci, Gianni, Castelnuovo, Nino, Benussi, Femi
Formato: Deslizar
Lenguaje:italiano
Publicado: Milano : Shendene Moizzi, c1998
Colección:La commedia sexy all'italiana
Etiquetas: Agregar Etiqueta
Sin Etiquetas, Sea el primero en etiquetar este registro!

MARC

LEADER 00000ngm a22000007i 4500
001 IT\ICCU\UBO\3360402
003 ItRI
005 20260124182841.0
008 080124s1998 it |||||||||||||||k|||||c
040 |b ita 
041 7 |a ita  |2 ISO-639-2 
130 3 |a La collegiale <film ; 1975>  |3 IT\ICCU\UBO\3360411 
245 0 3 |a La collegiale /  |c regia: Gianni Martucci. 
260 |a Milano :  |b Shendene Moizzi,  |c c1998 
300 |a 1 videocassetta (VHS) (92 min. ca.) :  |b color., son 
500 |a Tit. del contenitore 
500 |a Film del 1975, prod. Italia; interpreti: Femi Benussi, Nino Castelnuovo, Silvia Dionisio, Marta Katherin 
500 |a Vietato ai minori di 14 anni. 
700 1 |a Martucci, Gianni  |0 IT\ICCU\LO1V\339444 
700 1 |a Castelnuovo, Nino  |0 IT\ICCU\RAVV\089056 
700 1 |a Benussi, Femi  |0 IT\ICCU\RAVV\418686 
790 1 |a Castelnuovo, Francesco,  |d  (1936-1921)  |3 IT\ICCU\SBNV\080196  |z Castelnuovo, Nino 
790 1 |a Benussi, Eufemia  |3 IT\ICCU\SBNV\025112  |z Benussi, Femi 
830 3 |a La commedia sexy all'italiana  |0 IT\ICCU\MOD\0888078 
942 |2 ddc  |c VM  |n 0 
952 |0 0  |1 0  |4 0  |6 VO_641_000000000000000  |7 0  |9 26967  |a BO  |b BO  |d 2026-01-24  |i 7221  |l 0  |o VO 641  |p BO7221  |r 2026-01-24 18:28:41  |w 2026-01-24  |x [Sebina 5] [1 videocassetta]  |y VM  |z 1 videocassetta 
999 |c 22815  |d 22815